The measurement of nervous habits in normal children / (Record no. 1237262)

MARC details
000 -LEADER
fixed length control field 00968nam a2200289 a 4500
001 - CONTROL NUMBER
control field vtls001803057
003 - CONTROL NUMBER IDENTIFIER
control field NLI
005 - DATE AND TIME OF LATEST TRANSACTION
control field 20210629045717.0
008 - FIXED-LENGTH DATA ELEMENTS--GENERAL INFORMATION
fixed length control field 140215s1929 mnu 000 0 eng
039 #9 - LEVEL OF BIBLIOGRAPHIC CONTROL AND CODING DETAIL [OBSOLETE]
-- 201402152258
-- VLOAD
040 ## - CATALOGING SOURCE
Original cataloging agency NLI
Language of cataloging eng
Transcribing agency Entertech IMP - 2013
Description conventions AACR2
041 0# - LANGUAGE CODE
Language code of text/sound track or separate title eng
044 ## - COUNTRY OF PUBLISHING/PRODUCING ENTITY CODE
MARC country code mnu
082 ## - DEWEY DECIMAL CLASSIFICATION NUMBER
Classification number 148
100 1# - MAIN ENTRY--PERSONAL NAME
Personal name Olson, Willard Clifford
9 (RLIN) 1186320
245 14 - TITLE STATEMENT
Title The measurement of nervous habits in normal children /
Statement of responsibility, etc. Willard Clifford Olson
260 ## - PUBLICATION, DISTRIBUTION, ETC.
Place of publication, distribution, etc. Minneapolis :
Name of publisher, distributor, etc. The University of Minnesota Press,
Date of publication, distribution, etc. [1929]
300 ## - PHYSICAL DESCRIPTION
Extent xii, 97 p. :
Other physical details table., diagr. ;
Dimensions 20 cm.
440 #0 - SERIES STATEMENT/ADDED ENTRY--TITLE
Title University of Minnesota. the institute of child welfare. monograph ;
Volume/sequential designation 111
9 (RLIN) 1186321
500 ## - GENERAL NOTE
General note "References upon which the inventory of ties is based" : p. 9-10
650 #0 - SUBJECT ADDED ENTRY--TOPICAL TERM
Topical term or geographic name entry element Education
887 ## - NON-MARC INFORMATION FIELD
Content of non-MARC field
901 ## - LOCAL DATA ELEMENT A, LDA (RLIN)
a IMP44656
902 ## - LOCAL DATA ELEMENT B, LDB (RLIN)
a 148 G 1311
949 ## - LOCAL PROCESSING INFORMATION (OCLC)
-- VIRTUAITEM
-- 10000
-- 100
6 IMP000044656ENG
942 ## - ADDED ENTRY ELEMENTS (KOHA)
Source of classification or shelving scheme Dewey Decimal Classification
Koha item type Books
Holdings
Withdrawn status Lost status Damaged status Not for loan Home library Current library Date acquired Total Checkouts Full call number Barcode Date last seen Price effective from Koha item type
        National Library of India National Library of India     148 G 1311 IMP000044656ENG 29/06/2021 29/06/2021 Books
                                                                           
web counter

Copyright ©2020 The National Library of India, Govt. of India ↔ Hosted by NVLI, MOC ↔ Technology and Design by National Library of India, Ministry of Culture, Govt. of India